Language Quiz

Random Language Quiz
Score 0/46 Timer 15:00
0 Plays Today
In German In English % Correct
????
100%
????
93.3%
????
66.8%
????
66.8%
????
37%
????
36.5%
????
34.1%
????
34.1%
????
32.7%
????
32.7%
????
32.2%
????
32.2%
????
31.7%
????
22.6%
????
21.2%
????
18.8%
????
18.8%
????
18.8%
????
8.7%
????
8.2%
????
7.7%
????
7.2%
????
6.7%
In German In English % Correct
????
6.7%
????
6.7%
????
6.7%
????
6.7%
????
4.8%
????
4.8%
????
4.8%
????
4.8%
????
4.8%
????
4.8%
????
4.8%
????
4.8%
????
3.4%
????
3.4%
????
2.9%
????
2.9%
????
2.9%
????
1.4%
????
1.4%
????
1.4%
????
1.4%
????
1.4%
????
1.4%
Remove Ads.
Support Sporcle.
Get the best of Sporcle when you Go Orange. This ad-free experience offers more features, more stats, and more fun while also helping to support Sporcle. Thank you for becoming a member.

You're not logged in!

Compare scores with friends on all Sporcle quizzes.
OR
Log In

Show Comments

Extras

Created Oct 19, 2010ReportNominate
Tags:deutsch, English

Top Quizzes Today


Score Distribution

Your Account Isn't Verified!

In order to create a playlist on Sporcle, you need to verify the email address you used during registration. Go to your Sporcle Settings to finish the process.

Report this User

Report this user for behavior that violates our Community Guidelines.

Details: